|
|
|
|
| LEADER |
02672nam a22003973i 4500 |
| 001 |
EBC6209817 |
| 003 |
MiAaPQ |
| 005 |
20231204023214.0 |
| 006 |
m o d | |
| 007 |
cr cnu|||||||| |
| 008 |
231204s2020 xx o ||||0 ger d |
| 020 |
|
|
|a 9783110637489
|q (electronic bk.)
|
| 035 |
|
|
|a (MiAaPQ)EBC6209817
|
| 035 |
|
|
|a (Au-PeEL)EBL6209817
|
| 035 |
|
|
|a (OCoLC)1153555519
|
| 040 |
|
|
|a MiAaPQ
|b eng
|e rda
|e pn
|c MiAaPQ
|d MiAaPQ
|
| 100 |
1 |
|
|a Imo, Wolfgang.
|
| 245 |
1 |
0 |
|a Prosodie und Konstruktionsgrammatik.
|
| 250 |
|
|
|a 1st ed.
|
| 264 |
|
1 |
|a Berlin/Boston :
|b Walter de Gruyter GmbH,
|c 2020.
|
| 264 |
|
4 |
|c ©2020.
|
| 300 |
|
|
|a 1 online resource (288 pages)
|
| 336 |
|
|
|a text
|b txt
|2 rdacontent
|
| 337 |
|
|
|a computer
|b c
|2 rdamedia
|
| 338 |
|
|
|a online resource
|b cr
|2 rdacarrier
|
| 490 |
1 |
|
|a Empirische Linguistik / Empirical Linguistics Series ;
|v v.12
|
| 505 |
0 |
|
|a Intro -- Inhaltsverzeichnis -- Prosodie und Konstruktionsgrammatik -- Konstruktionsgrammatik und Prosodie: OH in englischer Alltagsinteraktion -- „das mAchst du bestimmt AUCH du -- ": Zum Zusammenspiel syntaktischer, prosodischer und sequenzieller Aspekte syntaktisch desintegrierter du-Formate -- Der „Kaiser" in einer Autobahnbaustelle - Prosodische Markierung von modalisierenden Anführungszeichen in Radionachrichten -- Zur Rolle von Phonetik und Prosodie in CAN I X-, LEˀ ME X-, und LEMME X-Konstruktionen -- Prosodie und epistemic stance: Konstruktionen mit finalem oder -- Pff -- Appositive Syntax oder appositive Prosodie?.
|
| 520 |
|
|
|a Die empirische, auf qualitative oder quantitative Korpusanalyse gestützte Beschreibung von geschriebener und gesprochener Sprache hat sich in der Sprachwissenschaft als zentrales Paradigma etabliert. Die Reihe bietet eine Plattform für synchron-linguistische Ansätze und interdisziplinäre Arbeiten mit linguistischem Schwerpunkt, die innovative Wege empirischen Arbeitens aufzeigen und neue Methoden und Modelle anhand von Datenmaterial entwickeln.
|
| 588 |
|
|
|a Description based on publisher supplied metadata and other sources.
|
| 590 |
|
|
|a Electronic reproduction. Ann Arbor, Michigan : ProQuest Ebook Central, 2023. Available via World Wide Web. Access may be limited to ProQuest Ebook Central affiliated libraries.
|
| 655 |
|
4 |
|a Electronic books.
|
| 700 |
1 |
|
|a Lanwer, Jens Philipp.
|
| 776 |
0 |
8 |
|i Print version:
|a Imo, Wolfgang
|t Prosodie und Konstruktionsgrammatik
|d Berlin/Boston : Walter de Gruyter GmbH,c2020
|
| 797 |
2 |
|
|a ProQuest (Firm)
|
| 830 |
|
0 |
|a Empirische Linguistik / Empirical Linguistics Series
|
| 856 |
4 |
0 |
|u https://ebookcentral.proquest.com/lib/matrademy/detail.action?docID=6209817
|z Click to View
|